000 00476nam a22001577a 4500
003 OSt
008 260423b |||||||| |||| 00| 0 eng d
082 _a635.642
_bN63E
100 _aKumar, Niranjan
245 _aEffect of Fertility Levels and Spacing on Growth, Yield and Quality of Tomato (Lycopersicon Esculentum Mill.)
260 _aPusa, Samastipur
_bRAU, Pusa
_c1999
300 _a68P.
502 _bMsc.
_d1999
650 _aVegetable and Floriculture
942 _2ddc
_cT
999 _c50118
_d50118